Statistics for World Capitals Containing K - One Minute Sprint

Click here to take the quiz!

General Stats

  • This quiz has been taken 467 times
  • The average score is 12 of 34

Answer Stats

capital% Correct
Kigali
63%
Kampala
58%
Kinshasa
56%
Kiev
52%
Kuala Lumpur
49%
Kathmandu
48%
Khartoum
48%
Kingston
48%
Kingstown
45%
Kabul
43%
Ankara
42%
Kuwait City
42%
Bangkok
38%
Baku
36%
Bishkek
35%
Jakarta
33%
Tokyo
33%
Tashkent
30%
Dakar
28%
Helsinki
28%
Reykjavík
28%
Stockholm
27%
Conakry
24%
Dhaka
24%
Nouakchott
23%
Windhoek
23%
Bamako
22%
Skopje
22%
Sri Jayawarde-
napura Kotte
21%
Minsk
20%
Lusaka
19%
Palikir
18%
Yamoussoukro
18%
Nuku'alofa
17%

Score Distribution

Percentile by Number Answered

Percent of People with Each Score

Your Score History

You have not taken this quiz